Les chansons les plus écoutées par artiste (Spotify) - Statistiques

Statistiques générales
  • Ce quiz a été pris 3 205 fois
  • Le résultat moyen est 10 sur 35
Statistiques - réponses
Hint Réponse % Correct
1 Bohemian Rhapsody
80%
4 Thriller
79%
1 Billie Jean
66%
2 Beat It
61%
2 Highway To Hell
53%
3 Let it Be
49%
4 Hey Jude
48%
5 We Will Rock You
40%
2 Don't Stop Me Now
38%
2 Another Brick in The Wall
37%
1 Back In Black
37%
3 Thunderstruck
37%
5 Yesterday
34%
3 Smooth Criminal
30%
1 Paint it, Black
29%
3 Another One Bites The Dust
27%
1 Here Comes The Sun
22%
4 Starman
22%
4 Under Pressure
22%
4 Money
20%
5 Life on Mars ?
19%
2 Come Together
17%
2 Space Oddity
17%
5 T.N.T.
17%
1 Heroes
16%
1 Wish You Were Here
15%
4 Sympathy For The Devil
12%
5 Time
12%
2 (I can't get no) Satisfaction
11%
3 Comfortably Numb
10%
5 Start Me Up
7%
3 Gimme Shelter
6%
4 You Shook Me All Night Long
5%
3 Rebel Rebel
4%
5 Don't Stop 'Till You Get Enough
3%
Aucun quiz correspondant
Distribution des résultats
% des personnes avec chaque résultat
Percentile par nombre de réponses
Votre historique - résultats
Vous n’avez pas pris ce quiz